000 00269nam a22001097a 4500
082 _a621.3919 SCO'A
100 _aSCOTT, NORMAN R
_936565
245 _aANALOG AND DIGITAL COMPUTER TECHNOLOGY
260 _aNEWYORK
_bMCGRAW HILL
_c1960
300 _aXI, 522P
942 _cBK
999 _c567196
_d567196